Libertarianism, from A to Z / (Record no. 55222)

MARC details
000 -LEADER
campo de control de longitud fija 01164cam a2200361 4500
001 - NÚMERO DE CONTROL
campo de control 25879
005 - FECHA Y HORA DE LA ÚLTIMA TRANSACCIÓN
campo de control 20230410120948.0
008 - DATOS DE LONGITUD FIJA--INFORMACIÓN GENERAL
campo de control de longitud fija 060907n2010 nyu eng
010 ## - NÚMERO DE CONTROL DE LA BIBLIOTECA DEL CONGRESO
Número de control de LC 2010481249
035 ## - NÚMERO DE CONTROL DEL SISTEMA
Número de control de sistema (OCoLC)ocn435418561
040 ## - FUENTE DE CATALOGACIÓN
Centro catalogador/agencia de origen BTCTA
Centro/agencia transcriptor BTCTA
Centro/agencia modificador DLC
-- YDXCP
-- BKL
-- EINCP
-- MIA
-- VP@
-- BKX
020 ## - NÚMERO INTERNACIONAL ESTÁNDAR DEL LIBRO
Número Internacional Estándar del Libro 0465019439
020 ## - NÚMERO INTERNACIONAL ESTÁNDAR DEL LIBRO
Número Internacional Estándar del Libro 9780465019434
029 1# - OTRO NÚMERO DE CONTROL DE SISTEMA (OCLC)
Identificador de la biblioteca OCLC AU@
Número de control de sistema 000045586288
029 1# - OTRO NÚMERO DE CONTROL DE SISTEMA (OCLC)
Identificador de la biblioteca OCLC NZ1
Número de control de sistema 13396112
035 ## - NÚMERO DE CONTROL DEL SISTEMA
Número de control de sistema (OCoLC)435418561
042 ## - CÓDIGO DE AUTENTICACIÓN
Código de autenticación lccopycat
050 14 - SIGNATURA TOPOGRÁFICA DE LA BIBLIOTECA DEL CONGRESO
Número de clasificación JC 585
Número de ítem M676l 2010
082 00 - NÚMERO DE LA CLASIFICACIÓN DECIMAL DEWEY
Número de clasificación 320.512
100 1# - ENTRADA PRINCIPAL--NOMBRE DE PERSONA
Nombre de persona Miron, Jeffrey A.
245 10 - MENCIÓN DEL TÍTULO
Título Libertarianism, from A to Z /
Mención de responsabilidad, etc. Jeffrey A. Miron.
260 ## - PUBLICACIÓN, DISTRIBUCIÓN, ETC.
Lugar de publicación, distribución, etc. New York :
Nombre del editor, distribuidor, etc. Basic Books,
Fecha de publicación, distribución, etc. c2010.
300 ## - DESCRIPCIÓN FÍSICA
Extensión xix, 198 p. ;
Dimensiones 22 cm.
650 #0 - PUNTO DE ACCESO ADICIONAL DE MATERIA--TÉRMINO DE MATERIA
Término de materia o nombre geográfico como elemento de entrada Liberty
650 #0 - PUNTO DE ACCESO ADICIONAL DE MATERIA--TÉRMINO DE MATERIA
Término de materia o nombre geográfico como elemento de entrada Libertarianism
856 42 - LOCALIZACIÓN Y ACCESO ELECTRÓNICOS
Materiales especificados Contributor biographical information
Identificador Uniforme de Recursos <a href="http://www.loc.gov/catdir/enhancements/fy1012/2010481249-b.html">http://www.loc.gov/catdir/enhancements/fy1012/2010481249-b.html</a>
856 42 - LOCALIZACIÓN Y ACCESO ELECTRÓNICOS
Materiales especificados Publisher description
Identificador Uniforme de Recursos <a href="http://www.loc.gov/catdir/enhancements/fy1012/2010481249-d.html">http://www.loc.gov/catdir/enhancements/fy1012/2010481249-d.html</a>
938 ## -
-- Baker and Taylor
-- BTCP
-- BK0008538428
938 ## -
-- YBP Library Services
-- YANK
-- 3191566
942 ## - ELEMENTOS DE ENTRADA SECUNDARIOS (KOHA)
Fuente del sistema de clasificación o colocación Clasificación de Library of Congress
Tipo de ítem Koha
946 ## - PROCESAMIENTO DE INFORMACIÓN LOCAL (OCLC)
a YSL
994 ## -
-- C0
-- DRFGD
Holdings
Estatus retirado Estado de pérdida Fuente del sistema de clasificación o colocación Estado de daño No para préstamo Colección Biblioteca de origen Biblioteca actual Ubicación en estantería Fecha de adquisición Serial enumeration / chronology Signatura topográfica completa Código de barras Visto por última vez Copia número Tipo de ítem Koha
    Clasificación de Library of Congress     Ciencias Sociales Biblioteca Juan Bosch Biblioteca Juan Bosch Ciencias Sociales (3er. Piso) 24/10/2018 1 JC 585 M676l 2010 00000062618 24/10/2018 1